Mort subite : Chansons de Queen - Statistiques

Statistiques générales
  • Ce quiz a été pris 871 fois
  • Le résultat moyen est 7 sur 14
Answers on the Grid
Answers color-coded by a green-red scale on the quiz's grid according to % correct below.
I Want It Now
We Will Rock You
Fat Bottomed Girls
Bohemian Rhapsody
Whole Lotta Rosie
Bicycle Race
You Are The Champions
The Show Must Go On
Another One Bites The Dust
Princes Of The Universe
Now I'm There
Love Of My Life
Best Friends Will Be Friends
It's Too Late
Killer Queen
Spread Your Wings
Stairway To Heaven
Somebody To Love
A Kind Of Magic
Paranoid
Hammer To Fall
Lady Ga Ga
I Want To Break Free
Smoke On The Water
 
Statistiques - réponses
Réponse % Correct
Bohemian Rhapsody
93%
We Will Rock You
93%
The Show Must Go On
72%
Another One Bites The Dust
60%
I Want To Break Free
54%
Killer Queen
50%
Fat Bottomed Girls
47%
Somebody To Love
46%
Love Of My Life
41%
A Kind Of Magic
40%
Bicycle Race
40%
Hammer To Fall
30%
Princes Of The Universe
21%
Spread Your Wings
18%
Aucun quiz correspondant
Distribution des résultats
% des personnes avec chaque résultat
Percentile par nombre de réponses
Votre historique - résultats
Vous n’avez pas pris ce quiz